| 000 | 00000nam##2200000za#4500 |
| 001 | 9.578689 |
| 003 | CaOODSP |
| 005 | 20210624190215 |
| 007 | cr ||||||||||| |
| 008 | 150406|1989||||xxc|||||o f|0| 0 eng|d |
| 022 | |a1488-5379 |
| 040 | |aCaOODSP|beng |
| 043 | |an-cn--- |
| 086 | 1 |aFs97-6/1674E-PDF |
| 110 | 1 |aCanada. |bDepartment of Fisheries and Oceans. |
| 245 | 10|aProceedings of the 9th Annual Meeting of the Canadian Eel Science Working Group (CESWoG) November 29-30, 2011, St. Lawrence Centre (Salle Lamontagne), Montreal, QC / |h[electronic resource]|cby Alan J. Cass. |
| 260 | |aNanaimo - British Columbia : |bFisheries and Oceans Canada |c1989. |
| 300 | |a115p.|bfigs., references, tables |
| 490 | 1 |aCanadian technical report of fisheries and aquatic sciences|x1488-5379|vNo. 1674 |
| 500 | |aOn t.p.: Pacific Biological Station, Nanaimo, British Columbia. The catalogue number and ISSN for the print edition appear in the PDF version. |
| 546 | |a(Résumé en français) |
| 590 | |a14-04-Supp|b2014-02-05 |
| 720 | 1 |aCass, A. J. |
| 830 | #0|aCanadian technical report of fisheries and aquatic sciences,|x1488-5379|vNo. 1674|w(CaOODSP)9.504449 |
| 856 | 40|ahttp://publications.gc.ca|qPDF|s4781 KB|uhttps://publications.gc.ca/collections/collection_2014/mpo-dfo/Fs97-6-1674-eng.pdf|yNo. 1674 |